Music Quiz

Random Music Quiz

Fill in Lyrics Quiz Stats

 Plays Quiz not verified by Sporcle

Support Sporcle.
Go Orange.
Score 0/138 Timer 10:00
0 Plays Today
% Correct
the
98%
And
98%
the
98%
the
98%
And
98%
And
98%
I
96.9%
I
96.9%
I
96.9%
I
96.9%
I
96.9%
I
96.9%
you
90.5%
you
90.5%
you
90.5%
We
73.2%
to
72.9%
To
72.9%
To
72.9%
me
72.2%
me
72.2%
in
64.1%
can
63.4%
it
62.7%
it
62.7%
it
62.7%
no
58.6%
no
58.6%
when
57.3%
when
57.3%
so
54.6%
so
54.6%
so
54.6%
so
54.6%
Where
53.9%
my
49.2%
have
47.1%
they
46.4%
they
46.4%
they
46.4%
can't
44.1%
know
44.1%
Was
43.7%
How
41.4%
then
40%
would
37.6%
% Correct
would
37.6%
with
37.3%
with
37.3%
don't
36.9%
I'm
36.6%
never
35.9%
never
35.9%
never
35.9%
never
35.9%
never
35.9%
never
35.9%
could
35.9%
at
35.3%
But
33.6%
been
33.6%
But
33.6%
been
33.6%
been
33.6%
Good
32.5%
good
32.5%
Good
32.5%
good
32.5%
Good
32.5%
good
32.5%
it's
31.5%
up
30.2%
out
29.8%
out
29.8%
come
28.8%
now
28.8%
begin
25.8%
seem
25.1%
I've
24.4%
believe
24.4%
I've
24.4%
believe
24.4%
I've
24.4%
night
23.4%
look
22.4%
times
21.7%
times
21.7%
Oh
21.7%
times
21.7%
two
21%
began
20.7%
off
19.7%
% Correct
only
19%
Sweet
15.9%
Sweet
15.9%
Sweet
15.9%
Sweet
15.9%
seemed
15.6%
seemed
15.6%
seemed
15.6%
Caroline
15.3%
Caroline
15.3%
Caroline
15.3%
Caroline
15.3%
hurt
14.2%
hurt
14.2%
Hands
12.5%
hands
12.5%
you'd
12.2%
inclined
12.2%
inclined
12.2%
inclined
12.2%
touchin'
11.2%
Touchin'
11.2%
Touchin'
11.2%
touchin'
11.2%
Touchin'
11.2%
Touchin'
11.2%
Reachin'
10.8%
Reachin'
10.8%
became
9.8%
summer
9.8%
strong
9.5%
spring
9.5%
spring
9.5%
along
9.5%
lonely
9.2%
believed
8.1%
believed
8.1%
Who'd
7.5%
knowin'
6.8%
fill
6.4%
Hurtin'
6.1%
growin'
5.4%
runs
5.4%
shoulders
5.1%
Warm
4.7%
warm
4.7%

You're not logged in!

Compare scores with friends on all Sporcle quizzes.
OR
Log In

From the Vault

It's Rocket Science!

by babymonkee

Well, this quiz isn't rocket science. Oh wait, it is!
Remove Ads.
Support Sporcle.
Get the best of Sporcle when you Go Orange. This ad-free experience offers more features, more stats, and more fun while also helping to support Sporcle. Thank you for becoming a member.

Show Comments

Extras

Created Feb 21, 2011SourceReportNominate

Top Quizzes Today


Score Distribution

Your Account Isn't Verified!

In order to create a playlist on Sporcle, you need to verify the email address you used during registration. Go to your Sporcle Settings to finish the process.

Report this User

Report this user for behavior that violates our Community Guidelines.

Details: